000
00410nam a2200145Ia 4500
008
100204s9999 xx 000 0 und d
082
_b
15770
100
_a
शिरवळकर सुहास
245
_a
सालम
260
_b
"मधुराज पब्लिकेशन , पुणे"
_c
1991 3
300
_a
220
630
_a
सालम
730
_a
सालम
942
_c
BOOK
999
_c
460193
_d
460190